[Event "Philadelphia op 18th"]
[Site "Philadelphia"]
[Date "2025.06.30"]
[Round "9"]
[White "Atanasov, Anthony"]
[Black "Liu, Eric"]
[Result "1/2-1/2"]
[WhiteElo "2417"]
[BlackElo "2344"]
[PlyCount "83"]
[EventDate "2025.06.26"]
[EventType "swiss"]
[EventRounds "9"]
[EventCountry "USA"]
[SourceTitle "CB28_2025"]
[SourceDate "2025.07.09"]
[SourceVersion "1"]
[SourceVersionDate "2025.07.09"]
[SourceQuality "1"]

1. d4 Nf6 2. Nf3 e6 3. Bf4 b6 4. e3 Bb7 5. h3 Bd6 6. Bxd6 cxd6 7. c4 d5 8. Nc3 0-0 9. Rc1 dxc4 10. Bxc4 a6 11. a3 b5 12. Bd3 d6 13. 0-0 Nbd7 14. Nd2 Rc8 15. b4 Nd5 16. Ne2 N7b6 17. e4 Ne7 18. Qb3 Qd7 19. Qb2 f5 20. f3 Ng6 21. Rxc8 Rxc8 22. Rc1 Rf8 23. Qc2 fxe4 24. fxe4 Rc8 25. Qb1 Rxc1+ 26. Qxc1 e5 27. d5 Qd8 28. Nb3 Bc8 29. Kh2 Bd7 30. Qe3 h6 31. Nd2 Ne7 32. Nb3 Be8 33. Qc1 Bg6 34. Qc2 Qc8 35. Qxc8+ Nexc8 36. Nc3 Ne7 37. Be2 Kf8 38. Kg3 Ng8 39. Nd2 Nf6 40. Kf2 Ke7 41. Bd1 Kd8 42. Ke3 1/2-1/2

[Event "Las Vegas National op"]
[Site "Las Vegas"]
[Date "2025.06.08"]
[Round "9"]
[White "Siddarth, M."]
[Black "Liu, Eric"]
[Result "0-1"]
[WhiteElo "2223"]
[BlackElo "2344"]
[PlyCount "120"]
[EventDate "2025.06.04"]
[EventType "swiss"]
[EventRounds "9"]
[EventCountry "USA"]
[SourceTitle "CB24_2025"]
[SourceDate "2025.06.11"]
[SourceVersion "1"]
[SourceVersionDate "2025.06.11"]
[SourceQuality "1"]

1. e4 e5 2. Nf3 Nc6 3. Bb5 a6 4. Ba4 Nf6 5. 0-0 d6 6. Re1 Bd7 7. c3 g6 8. d4 Bg7 9. Nbd2 exd4 10. cxd4 0-0 11. Bc2 Nh5 12. Nb3 Bg4 13. Be3 Nb4 14. Bb1 c5 15. a3 Nc6 16. dxc5 dxc5 17. Bxc5 Qxd1 18. Rxd1 Rfd8 19. Ba2 Bxb2 20. Rab1 Rxd1+ 21. Rxd1 Nf4 22. Kf1 Ne6 23. Rd2 Bxf3 24. gxf3 Be5 25. h3 Rd8 26. Rxd8+ Ncxd8 27. Be3 Bd6 28. a4 Nc6 29. Nd2 Nf4 30. Nc4 Bc7 31. Nb6 Nb4 32. Bxf4 Bxf4 33. Bc4 Nc6 34. Nd7 Nd4 35. a5 Nc6 36. Nc5 Nxa5 37. Bd5 b5 38. Nxa6 Bd6 39. Ke2 Kg7 40. Ke3 f6 41. f4 Kh6 42. Kd4 Bxf4 43. Kc5 Nc4 44. Bxc4 bxc4 45. Kxc4 Kh5 46. Nc5 Kh4 47. Nd7 Kxh3 48. Nxf6 h5 49. Kd5 Kg2 50. e5 Bc1 51. Ne4 Bh6 52. Ke6 Kf3 53. Ng3 Kxf2 54. Nh1+ Kg2 55. Kf6 h4 56. Kxg6 Bf8 57. Kh5 Be7 58. Kg4 Kxh1 59. Kh3 Kg1 60. e6 Kh1 0-1

[Event "North American op 34th"]
[Site "Las Vegas"]
[Date "2024.12.26"]
[Round "2"]
[White "Cardoso Cardoso, Jose Gabriel"]
[Black "Liu, Eric"]
[Result "1-0"]
[WhiteElo "2516"]
[BlackElo "2322"]
[PlyCount "79"]
[EventDate "2024.12.26"]
[EventType "swiss"]
[EventRounds "9"]
[EventCountry "USA"]
[SourceTitle "CB02_2025"]
[SourceDate "2025.01.08"]
[SourceVersion "1"]
[SourceVersionDate "2025.01.08"]
[SourceQuality "1"]

1. e4 e5 2. Nf3 Nc6 3. Bb5 a6 4. Ba4 Nge7 5. Nc3 d6 6. d3 b5 7. Bb3 Na5 8. Bg5 h6 9. Bxe7 Bxe7 10. d4 exd4 11. Qxd4 Bf6 12. Qe3 Bb7 13. 0-0-0 Nxb3+ 14. axb3 Qe7 15. Qd3 Bxc3 16. Qxc3 0-0 17. Rhe1 Rfe8 18. Kb1 Rac8 19. Nd4 Qf6 20. f3 Re5 21. Nf5 Kh7 22. g4 g6 23. f4 Re6 24. e5 dxe5 25. fxe5 Qg5 26. Nd4 Re7 27. e6 f6 28. Nc6 Bxc6 29. Qxc6 Rce8 30. Rd7 f5 31. gxf5 gxf5 32. Qxc7 Kg8 33. Rxe7 Rxe7 34. Qd8+ Kg7 35. Qd4+ Kh7 36. Rg1 Qh5 37. Qf6 Qe8 38. Qxf5+ Kh8 39. Qf6+ Kh7 40. Rg6 1-0

[Event "Titled Tuesday intern op 06th Aug Early"]
[Site "Chess.com INT"]
[Date "2024.08.06"]
[Round "7"]
[White "Liu, Eric"]
[Black "Turgut, Aydin"]
[Result "1-0"]
[WhiteElo "2322"]
[BlackElo "2322"]
[PlyCount "157"]
[EventDate "2024.08.06"]
[EventType "swiss (blitz)"]
[EventRounds "11"]
[EventCountry "USA"]
[SourceTitle "EXT 2025"]
[Source "ChessBase"]
[SourceDate "2024.10.14"]
[SourceVersion "1"]
[SourceVersionDate "2024.10.14"]
[SourceQuality "1"]

1. b3 e5 2. Bb2 Nc6 3. g3 d5 4. Bg2 Nf6 5. h4 Bd6 6. a4 0-0 7. d3 Re8 8. e4 Bg4 9. Ne2 Nd4 10. Bxd4 exd4 11. f3 Bd7 12. Nd2 c5 13. 0-0 Bc6 14. g4 Qc7 15. Qe1 Re7 16. Qf2 Rae8 17. Rfe1 b6 18. Rad1 a6 19. Bh3 h5 20. g5 Nh7 21. Bg2 dxe4 22. dxe4 Bf4 23. Nxf4 Qxf4 24. Nf1 Nf8 25. Qg3 Ng6 26. Qxf4 Nxf4 27. Ng3 g6 28. Ne2 Ne6 29. f4 Ng7 30. Ng3 b5 31. axb5 axb5 32. Kf2 Ne6 33. f5 Nf4 34. Bf3 Re5 35. f6 Rd8 36. Rd3 Nxd3+ 37. cxd3 Ra8 38. Re2 Ra3 39. Rb2 Bd7 40. Nf1 Re8 41. Nd2 Be6 42. Rc2 Rc8 43. Rb2 Rca8 44. Ke2 Ra2 45. Rb1 Ra1 46. Rb2 R8a2 47. Rxa2 Rxa2 48. e5 Bxb3 49. Bc6 c4 50. Ke1 c3 51. Nxb3 Rb2 52. Nxd4 b4 53. Ba4 Ra2 54. Bb3 Ra1+ 55. Ke2 Rh1 56. e6 fxe6 57. Bxe6+ Kf8 58. Bb3 Rxh4 59. Ne6+ Ke8 60. Nc5 Rf4 61. Ke3 Rf5 62. Ne4 h4 63. Nd6+ Kd7 64. Nxf5 gxf5 65. g6 h3 66. g7 h2 67. Bd5 c2 68. Kd2 b3 69. g8Q b2 70. Qe6+ Kc7 71. Kxc2 h1Q 72. Qc6+ Kd8 73. Qa8+ Kd7 74. Bxh1 b1Q+ 75. Kxb1 f4 76. Qd5+ Kc7 77. f7 f3 78. f8Q f2 79. Qdd6# 1-0

[Event "Titled Tuesday intern op 06th Aug Early"]
[Site "Chess.com INT"]
[Date "2024.08.06"]
[Round "10"]
[White "Liu, Eric"]
[Black "Weishaeutel, Moritz"]
[Result "0-1"]
[WhiteElo "2322"]
[BlackElo "2400"]
[PlyCount "120"]
[EventDate "2024.08.06"]
[EventType "swiss (blitz)"]
[EventRounds "11"]
[EventCountry "USA"]
[SourceTitle "EXT 2025"]
[Source "ChessBase"]
[SourceDate "2024.10.14"]
[SourceVersion "1"]
[SourceVersionDate "2024.10.14"]
[SourceQuality "1"]

1. b3 d5 2. Bb2 Bf5 3. g3 Nf6 4. Bg2 e6 5. h4 c5 6. a4 Nc6 7. d3 h6 8. e3 Be7 9. Nd2 0-0 10. Nh3 e5 11. e4 Bg4 12. Bf3 Bxf3 13. Qxf3 Nd4 14. Qd1 dxe4 15. dxe4 Qc7 16. c3 Nc6 17. 0-0 Rad8 18. Qe2 Qd7 19. Rfd1 Qxh3 20. Nf1 Rxd1 21. Rxd1 Rd8 22. Rxd8+ Nxd8 23. a5 Qg4 24. f3 Qd7 25. a6 bxa6 26. Qxa6 Qb7 27. Qc4 Nc6 28. Nd2 Qd7 29. Qe2 Na5 30. Kg2 Qb7 31. Qd1 Nc6 32. Nc4 Qb5 33. Qc2 Na5 34. Nxe5 Qxb3 35. Qe2 c4 36. Qd2 Qb5 37. Ng4 Nxg4 38. fxg4 Qb7 39. Qe2 Qb3 40. Kh3 Qa2 41. Qd2 Nc6 42. Qc1 a5 43. g5 hxg5 44. hxg5 a4 45. g6 fxg6 46. Qd2 Kh7 47. Kg4 a3 48. Qh2+ Kg8 49. Qd2 axb2 50. Qd5+ Kh7 51. e5 b1Q 52. e6 Qf5+ 53. Qxf5 gxf5+ 54. Kf4 Qc2 55. g4 Qe4+ 56. Kg3 f4+ 57. Kh3 Qf3+ 58. Kh2 Qg3+ 59. Kh1 Bc5 60. e7 Qg1# 0-1

[Event "Titled Tuesday intern op 23rd Jul Late"]
[Site "Chess.com INT"]
[Date "2024.07.23"]
[Round "6"]
[White "Sheehan, Ethan"]
[Black "Liu, Eric"]
[Result "0-1"]
[WhiteElo "2311"]
[BlackElo "2344"]
[PlyCount "66"]
[EventDate "2024.07.23"]
[EventType "swiss (blitz)"]
[EventRounds "11"]
[EventCountry "USA"]
[SourceTitle "EXT 2025"]
[Source "ChessBase"]
[SourceDate "2024.10.14"]
[SourceVersion "1"]
[SourceVersionDate "2024.10.14"]
[SourceQuality "1"]

1. d4 b6 2. e4 Bb7 3. Nc3 g6 4. Nf3 Bg7 5. h4 h5 6. Bg5 a5 7. Bc4 Qc8 8. Ne5 Bxe5 9. dxe5 Nc6 10. f4 Ba6 11. Bd5 Qb7 12. g4 f6 13. exf6 exf6 14. Bxg8 fxg5 15. Bd5 gxf4 16. gxh5 gxh5 17. Qf3 0-0-0 18. Qxf4 Kb8 19. 0-0-0 b5 20. Qf6 Qb6 21. Bxc6 Qxc6 22. Qxc6 dxc6 23. Rxd8+ Rxd8 24. Rg1 Bc8 25. Nd1 Rf8 26. Rg5 Rf1 27. Kd2 Rh1 28. e5 Rxh4 29. Ne3 c5 30. Rg6 Re4 31. Rg5 h4 32. Rh5 h3 33. Nd5 Rd4+ 0-1

[Event "Pan American-ch U16 34th"]
[Site "Orlando"]
[Date "2024.07.20"]
[Round "9"]
[White "Liu, Eric"]
[Black "Ziegler, Nate"]
[Result "1/2-1/2"]
[WhiteElo "2344"]
[BlackElo "1928"]
[PlyCount "100"]
[EventDate "2024.07.15"]
[EventType "swiss"]
[EventRounds "9"]
[EventCountry "USA"]
[SourceTitle "EXT 2025"]
[Source "ChessBase"]
[SourceDate "2024.10.14"]
[SourceVersion "1"]
[SourceVersionDate "2024.10.14"]
[SourceQuality "1"]
[WhiteTeam "USA"]
[BlackTeam "USA"]

1. e4 c5 2. Nf3 d6 3. d4 cxd4 4. Nxd4 Nf6 5. Nc3 g6 6. Be3 Bg7 7. f3 0-0 8. Qd2 Nc6 9. 0-0-0 d5 10. exd5 Nxd5 11. Nxc6 bxc6 12. Bd4 e5 13. Bc5 Be6 14. Ne4 Re8 15. h4 h5 16. Bc4 Nf4 17. Bxe6 Nxe6 18. Qc3 Qb8 19. b3 Nf4 20. Qd2 Qc7 21. g3 Ne6 22. Qc3 Nd4 23. Qc4 Rad8 24. c3 Ne6 25. Be3 Rd5 26. g4 Qa5 27. Qxc6 Rxd1+ 28. Rxd1 Re7 29. Kb1 Rc7 30. Qa8+ Kh7 31. gxh5 gxh5 32. Qd5 Qa6 33. Qd3 Qxd3+ 34. Rxd3 f5 35. Ng5+ Nxg5 36. Bxg5 e4 37. fxe4 fxe4 38. Re3 Rxc3 39. Rxe4 Rh3 40. Ra4 Kg6 41. Rxa7 Bd4 42. Ra4 Be5 43. Kc2 Rg3 44. Kd2 Kf5 45. Ke2 Rg2+ 46. Kd3 Bg3 47. Kc4 Kg4 48. Kd5+ Kh3 49. Ke6 Bf2 50. Rf4 Be1 1/2-1/2

[Event "Titled Tuesday intern op 09th Jul Early"]
[Site "Chess.com INT"]
[Date "2024.07.09"]
[Round "10"]
[White "Liu, Eric"]
[Black "Panesar, Vedant"]
[Result "1/2-1/2"]
[WhiteElo "2344"]
[BlackElo "2436"]
[PlyCount "99"]
[EventDate "2024.07.09"]
[EventType "swiss (blitz)"]
[EventRounds "11"]
[EventCountry "USA"]
[SourceTitle "EXT 2025"]
[Source "ChessBase"]
[SourceDate "2024.10.14"]
[SourceVersion "1"]
[SourceVersionDate "2024.10.14"]
[SourceQuality "1"]

1. e4 d6 2. d4 Nf6 3. Nc3 e6 4. f4 Nc6 5. Nf3 d5 6. e5 Ne4 7. Bd3 Bb4 8. Bd2 Bxc3 9. bxc3 Ne7 10. c4 Nxd2 11. Qxd2 dxc4 12. Bxc4 0-0 13. h4 c5 14. dxc5 Qc7 15. Qf2 b6 16. 0-0 Bb7 17. Bd3 Bxf3 18. cxb6 axb6 19. Qxf3 Qc5+ 20. Kh2 Ra3 21. Qe4 g6 22. Rf3 Nf5 23. h5 Rd8 24. hxg6 hxg6 25. g4 Rd4 26. Qe1 Ne7 27. Kg3 Nd5 28. Qd2 Raa4 29. Raf1 Nxf4 30. Rxf4 Qxe5 31. Qe2 Rxd3+ 32. Qxd3 Rxf4 33. Rxf4 g5 34. Qd2 gxf4+ 35. Qxf4 Qc3+ 36. Kh4 Qxc2 37. Qb8+ Kg7 38. Qe5+ Kh7 39. Kg3 Qd3+ 40. Kf4 Qd2+ 41. Kg3 Qd5 42. Qe3 b5 43. Qg1 Kg7 44. Kh4 Qxa2 45. Qd4+ Kg8 46. Qd8+ Kh7 47. Qd3+ Kg7 48. Qd4+ Kh7 49. Qd3+ Kg7 50. Qd4+ 1/2-1/2

[Event "Titled Tuesday intern op 09th Jul Early"]
[Site "Chess.com INT"]
[Date "2024.07.09"]
[Round "3"]
[White "Thogata, Randheer"]
[Black "Liu, Eric"]
[Result "0-1"]
[WhiteElo "2032"]
[BlackElo "2344"]
[PlyCount "50"]
[EventDate "2024.07.09"]
[EventType "swiss (blitz)"]
[EventRounds "11"]
[EventCountry "USA"]
[SourceTitle "EXT 2025"]
[Source "ChessBase"]
[SourceDate "2024.10.14"]
[SourceVersion "1"]
[SourceVersionDate "2024.10.14"]
[SourceQuality "1"]

1. e4 c5 2. Nf3 e6 3. b3 a6 4. Bb2 b6 5. g3 Bb7 6. Nc3 Nf6 7. Qe2 b5 8. e5 Nd5 9. Ne4 f5 10. exf6 Nxf6 11. Nxf6+ gxf6 12. Bg2 h5 13. h4 Nc6 14. 0-0 Qe7 15. Rfe1 0-0-0 16. d4 Rg8 17. c4 bxc4 18. bxc4 cxd4 19. Nxd4 Qc5 20. Nxc6 Bxc6 21. Bxf6 Rxg3 22. Qf1 Rxg2+ 23. Qxg2 Bxg2 24. Kxg2 Be7 25. Bxe7 Qxe7 0-1

[Event "World op 52nd"]
[Site "Philadelphia"]
[Date "2024.07.07"]
[Round "8"]
[White "Yanayt, Eugene"]
[Black "Liu, Eric"]
[Result "1/2-1/2"]
[WhiteElo "2101"]
[BlackElo "2344"]
[PlyCount "162"]
[EventDate "2024.07.03"]
[EventType "swiss"]
[EventRounds "9"]
[EventCountry "USA"]
[SourceTitle "CBM 221 Extra"]
[Source "ChessBase"]
[SourceDate "2024.09.30"]
[SourceVersion "1"]
[SourceVersionDate "2024.09.30"]
[SourceQuality "1"]

1. d4 Nf6 2. c4 d6 3. Nf3 Nbd7 4. Nc3 e5 5. e4 g6 6. Be2 Bg7 7. 0-0 0-0 8. Be3 h6 9. h3 exd4 10. Nxd4 Nc5 11. Qc2 Re8 12. Bf3 Nh7 13. Bg4 Bxg4 14. hxg4 Qh4 15. f3 Be5 16. Rfd1 Ng5 17. Rac1 Nce6 18. Nce2 Nxd4 19. Bxd4 Ne6 20. Bxe5 dxe5 21. Qc3 Nf8 22. Rd5 Rad8 23. Qe3 c6 24. Rdd1 a6 25. g3 Qf6 26. Kg2 g5 27. Qb6 Qe7 28. b4 Ne6 29. b5 Qa3 30. bxc6 Qxa2 31. Kf1 bxc6 32. Qxc6 Qb3 33. Kf2 Kg7 34. Rb1 Qa3 35. Ra1 Qe7 36. Rd5 Qa7+ 37. c5 Rxd5 38. Qxd5 Nxc5 39. Kg2 Nd7 40. Rb1 Qe3 41. Rb2 Nc5 42. Ng1 Qc3 43. Qd2 Qxd2+ 44. Rxd2 Nb3 45. Ra2 Ra8 46. Ra3 Nd4 47. Ra5 Kf6 48. f4 gxf4 49. gxf4 exf4 50. Nh3 Ne6 51. e5+ Ke7 52. Nf2 Kd7 53. Ne4 Kc6 54. Nd6 f6 55. Nc4 fxe5 56. Nxe5+ Kb7 57. Nf7 Rg8 58. Nd6+ Kc7 59. Rxa6 Rxg4+ 60. Kf3 Rg3+ 61. Kf2 Kd7 62. Nf5 Rg6 63. Nd4 Ke7 64. Nxe6 Rxe6 65. Ra4 Kf6 66. Rxf4+ Kg5 67. Kg3 h5 68. Rf3 Re4 69. Ra3 Rg4+ 70. Kh3 Rh4+ 71. Kg3 Rg4+ 72. Kh3 Rg1 73. Rg3+ Rxg3+ 74. Kxg3 h4+ 75. Kh3 Kh5 76. Kh2 Kg4 77. Kg2 h3+ 78. Kh2 Kh4 79. Kh1 Kg3 80. Kg1 h2+ 81. Kh1 Kh3 1/2-1/2

[Event "Philadelphia op 17th"]
[Site "Philadelphia"]
[Date "2024.06.30"]
[Round "6"]
[White "Liu, Eric"]
[Black "Urazayev, Arystanbek"]
[Result "1/2-1/2"]
[WhiteElo "2344"]
[BlackElo "2476"]
[PlyCount "101"]
[EventDate "2024.06.27"]
[EventType "swiss"]
[EventRounds "9"]
[EventCountry "USA"]
[SourceTitle "CBM 221 Extra"]
[Source "ChessBase"]
[SourceDate "2024.09.30"]
[SourceVersion "1"]
[SourceVersionDate "2024.09.30"]
[SourceQuality "1"]

1. e4 e5 2. Nf3 Nc6 3. Bc4 Bc5 4. 0-0 Nf6 5. d3 d6 6. c3 a5 7. Re1 h6 8. Nbd2 0-0 9. h3 a4 10. a3 Be6 11. Bxe6 fxe6 12. Nf1 Qe8 13. Ng3 Na5 14. Be3 Bxe3 15. Rxe3 c5 16. d4 Nc4 17. Re2 b5 18. dxc5 dxc5 19. Qc2 Nh5 20. Nxh5 Qxh5 21. Nh2 Rad8 22. Nf1 Rd7 23. f3 Qg5 24. b3 Nb6 25. Kh1 Ra8 26. bxa4 Nxa4 27. c4 bxc4 28. Qxc4 Qe7 29. Qc2 Rd4 30. Ne3 Qc7 31. Nc4 Nb6 32. Nxb6 Qxb6 33. Qb2 Qd6 34. Rc2 c4 35. Rac1 Qc6 36. Qb4 Rc8 37. a4 Kf7 38. Qb5 Qxb5 39. axb5 Rb8 40. Rxc4 Rxc4 41. Rxc4 Rxb5 42. h4 h5 43. Rc8 Rb2 44. Rh8 Kg6 45. Kh2 Ra2 46. Kh3 Rf2 47. Rf8 Rf1 48. Kh2 Rf2 49. Ra8 Kf6 50. Ra1 Rb2 51. Kg3 1/2-1/2

[Event "Titled Tuesday intern op 11th Jun Late"]
[Site "Chess.com INT"]
[Date "2024.06.11"]
[Round "5"]
[White "Hernandez Jimenez, Alexander Andres"]
[Black "Liu, Eric"]
[Result "1-0"]
[WhiteElo "2026"]
[BlackElo "2398"]
[PlyCount "161"]
[EventDate "2024.06.11"]
[EventType "swiss (blitz)"]
[EventRounds "11"]
[EventCountry "USA"]
[SourceTitle "EXT 2025"]
[Source "ChessBase"]
[SourceDate "2024.10.14"]
[SourceVersion "1"]
[SourceVersionDate "2024.10.14"]
[SourceQuality "1"]

1. e4 c5 2. Nf3 e6 3. d4 cxd4 4. Nxd4 a6 5. c4 Nf6 6. Nc3 Qc7 7. Nc2 b6 8. Be2 Bb7 9. f3 Be7 10. 0-0 d6 11. Ne3 Nbd7 12. Kh1 0-0 13. b3 b5 14. Bb2 bxc4 15. Nxc4 d5 16. exd5 Nxd5 17. Rc1 Qf4 18. Nxd5 Bxd5 19. Qd2 Qh4 20. f4 Bf6 21. Bf3 Bxb2 22. Qxb2 Nf6 23. Bxd5 Nxd5 24. Qf2 Qh6 25. f5 exf5 26. Qxf5 Nf6 27. Ne5 Rae8 28. Rc6 Qe3 29. Rxf6 gxf6 30. Nd7 Qh6 31. Nxf6+ Kh8 32. Nxe8 Rxe8 33. Qxf7 Qe6 34. Qxe6 Rxe6 35. h3 Re2 36. a4 Rb2 37. Rf3 Kg7 38. Kh2 Kg6 39. Kg3 Kg5 40. Rc3 Kg6 41. Kf3 Kf5 42. g3 Rh2 43. Rc6 Rb2 44. Rb6 a5 45. Rb5+ Kf6 46. Ke4 Ke6 47. Rb6+ Kd7 48. Kd5 Kc7 49. Rb5 Rf2 50. Kc4 Rc2+ 51. Kd3 Rg2 52. g4 Rg3+ 53. Kc4 Rxh3 54. Rxa5 Rg3 55. Rg5 Kb6 56. b4 Rg1 57. a5+ Ka6 58. Rg7 Rc1+ 59. Kb3 Rb1+ 60. Kc3 Rc1+ 61. Kb2 Rc4 62. Kb3 Rc1 63. Rxh7 Rb1+ 64. Ka3 Kb5 65. Rh5+ Ka6 66. g5 Rg1 67. Ka4 Ra1+ 68. Kb3 Rg1 69. Kc4 Rc1+ 70. Kd5 Kb5 71. Ke6 Kxb4 72. g6 Rc6+ 73. Kf7 Rc7+ 74. Kg8 Kc4 75. g7 Kd4 76. Kh8 Ke4 77. g8Q Kf4 78. Qg5+ Kf3 79. Rh3+ Ke2 80. Qg2+ Ke1 81. Rh1# 1-0

[Event "Titled Tuesday intern op 11th Jun Late"]
[Site "Chess.com INT"]
[Date "2024.06.11"]
[Round "2"]
[White "Liu, Eric"]
[Black "Casadio, Niccolo"]
[Result "0-1"]
[WhiteElo "2398"]
[BlackElo "2291"]
[PlyCount "106"]
[EventDate "2024.06.11"]
[EventType "swiss (blitz)"]
[EventRounds "11"]
[EventCountry "USA"]
[SourceTitle "EXT 2025"]
[Source "ChessBase"]
[SourceDate "2024.10.14"]
[SourceVersion "1"]
[SourceVersionDate "2024.10.14"]
[SourceQuality "1"]

1. c4 Nf6 2. Nf3 e6 3. e3 d5 4. a3 Be7 5. Qc2 0-0 6. b3 b6 7. Bb2 Bb7 8. Be2 dxc4 9. bxc4 Nbd7 10. d3 Nc5 11. Nbd2 Bc6 12. 0-0 Ba4 13. Qc3 Ne8 14. d4 Bf6 15. Qc1 Nb7 16. e4 c5 17. d5 Bxb2 18. Qxb2 exd5 19. cxd5 Ned6 20. e5 Nf5 21. d6 Re8 22. Bd3 Nh4 23. Be4 Rb8 24. Rfe1 Nxf3+ 25. Bxf3 Na5 26. Qc3 Bd7 27. Bd5 Be6 28. Bxe6 Rxe6 29. Ne4 h6 30. f4 g6 31. Nf6+ Rxf6 32. exf6 Qxd6 33. Qe5 Qxe5 34. fxe5 Nc4 35. e6 fxe6 36. Rxe6 Kf7 37. Rae1 Nxa3 38. Rc6 Rb7 39. h4 Nc2 40. Re7+ Rxe7 41. fxe7 Kxe7 42. Rc7+ Kd6 43. Rxa7 b5 44. Kf2 b4 45. Ke2 c4 46. Kd2 Nd4 47. Ra6+ Kc5 48. Rxg6 c3+ 49. Kd3 c2 50. Kd2 b3 51. Rg8 b2 52. Rc8+ Kd5 53. Rd8+ Ke6 0-1

[Event "Titled Tuesday intern op 11th Jun Late"]
[Site "Chess.com INT"]
[Date "2024.06.11"]
[Round "11"]
[White "Liu, Eric"]
[Black "Novoselov, Roman"]
[Result "0-1"]
[WhiteElo "2398"]
[BlackElo "2279"]
[PlyCount "118"]
[EventDate "2024.06.11"]
[EventType "swiss (blitz)"]
[EventRounds "11"]
[EventCountry "USA"]
[SourceTitle "EXT 2025"]
[Source "ChessBase"]
[SourceDate "2024.10.14"]
[SourceVersion "1"]
[SourceVersionDate "2024.10.14"]
[SourceQuality "1"]

1. c4 e6 2. Nf3 d5 3. b3 Nf6 4. Bb2 Be7 5. e3 0-0 6. Be2 Nbd7 7. 0-0 b6 8. d3 Bb7 9. Nbd2 c5 10. a3 Re8 11. Qc2 Bd6 12. Rac1 Rc8 13. Rfd1 Qe7 14. Qb1 Bb8 15. Bf1 e5 16. cxd5 Nxd5 17. Qa1 Qe6 18. Re1 Qh6 19. g3 f5 20. e4 fxe4 21. dxe4 N5f6 22. Rcd1 Re7 23. Nh4 g6 24. f3 Rf8 25. Nc4 Ne8 26. Ne3 Ndf6 27. Bc4+ Kh8 28. Nd5 Nxd5 29. Bxd5 Ba6 30. f4 Nf6 31. Bxe5 Bxe5 32. fxe5 Ng4 33. e6+ Kg8 34. Qb2 Bb7 35. Qe2 Qg5 36. Rf1 Rxf1+ 37. Rxf1 Bxd5 38. exd5 Ne3 39. d6 Rxe6 40. d7 Qd5 41. Rd1 Nxd1 42. Qxe6+ Qxe6 43. d8Q+ Kg7 44. Qxd1 Qe3+ 45. Kg2 Qe4+ 46. Nf3 g5 47. Qd7+ Kf8 48. Qd8+ Kf7 49. Qxg5 Qe2+ 50. Kh3 Qxf3 51. Qe5 Qxb3 52. Qc7+ Kf6 53. Qxa7 Qe6+ 54. Kh4 h6 55. g4 Qe1+ 56. Kh3 Qe3+ 57. Kg2 Qe2+ 58. Kg3 Qe5+ 59. Kh4 Qxh2# 0-1

[Event "Las Vegas National op"]
[Site "Las Vegas"]
[Date "2024.06.09"]
[Round "7"]
[White "Liu, Eric"]
[Black "Wang, Alex Yuxuan"]
[Result "1-0"]
[WhiteElo "2398"]
[BlackElo "2205"]
[PlyCount "75"]
[EventDate "2024.06.03"]
[EventType "swiss"]
[EventRounds "9"]
[EventCountry "USA"]
[SourceTitle "CBM 220 Extra"]
[Source "ChessBase"]
[SourceDate "2024.07.31"]
[SourceVersion "1"]
[SourceVersionDate "2024.07.31"]
[SourceQuality "1"]

1. e4 c5 2. Nf3 d6 3. d4 cxd4 4. Nxd4 Nf6 5. Nc3 a6 6. Be3 e6 7. a3 b5 8. g4 Bb7 9. Bg2 Nfd7 10. g5 Nb6 11. h4 Be7 12. f4 N8d7 13. Qe2 Nc4 14. 0-0-0 Qc7 15. Bd2 Nxd2 16. Rxd2 Rc8 17. f5 e5 18. Nb3 Qc4 19. Qf2 Ba8 20. Rh3 Qc7 21. Bf3 h6 22. f6 gxf6 23. Bh5 hxg5 24. hxg5 Qb6 25. Qh2 Kd8 26. Bxf7 Rxh3 27. Qxh3 Qg1+ 28. Rd1 Qxg5+ 29. Kb1 Qg7 30. Be6 Bf8 31. Qe3 Rc7 32. Bd5 Bxd5 33. Nxd5 Rc8 34. Rg1 Qh7 35. Qa7 Be7 36. Qb7 Qh2 37. Rg8+ Bf8 38. Rxf8+ 1-0

[Event "Titled Tuesday intern op 28th May Late"]
[Site "Chess.com INT"]
[Date "2024.05.28"]
[Round "4"]
[White "Eljanov, Pavel"]
[Black "Liu, Eric"]
[Result "1-0"]
[WhiteElo "2676"]
[BlackElo "2388"]
[PlyCount "147"]
[EventDate "2024.05.28"]
[EventType "swiss (blitz)"]
[EventRounds "11"]
[EventCountry "USA"]
[SourceTitle "EXT 2025"]
[Source "ChessBase"]
[SourceDate "2024.10.14"]
[SourceVersion "1"]
[SourceVersionDate "2024.10.14"]
[SourceQuality "1"]

1. d4 Nf6 2. Bf4 c5 3. d5 d6 4. Nc3 g6 5. e4 Bg7 6. Bb5+ Nbd7 7. a4 0-0 8. Nf3 a6 9. Be2 Ne8 10. 0-0 Nc7 11. Re1 Rb8 12. a5 b5 13. axb6 Rxb6 14. Qc1 Rb4 15. Bh6 Nb5 16. Bxg7 Kxg7 17. Nxb5 axb5 18. Nd2 Qb6 19. b3 c4 20. Qa3 Qc5 21. c3 Rxb3 22. Nxb3 cxb3 23. Qxb3 Ne5 24. Bxb5 Bg4 25. Qb4 Qb6 26. Be2 Qc7 27. Bxg4 Nxg4 28. Qd4+ Kg8 29. Ra7 Qb8 30. Rxe7 Rc8 31. h3 Ne5 32. f4 Rc4 33. Qd2 Qd8 34. Rb7 Qc8 35. Rb5 Nd7 36. Kh1 Rxc3 37. e5 dxe5 38. fxe5 Qc4 39. Rbb1 Rd3 40. Qh6 Qxd5 41. e6 fxe6 42. Rf1 Rb3 43. Rbd1 Rd3 44. Rc1 Qa8 45. Rc2 Qe8 46. Rcf2 Rd5 47. Re1 Rf5 48. Rxf5 gxf5 49. Qxe6+ Qxe6 50. Rxe6 Kf7 51. Rd6 Ne5 52. Kh2 Ng6 53. Kg3 Ke7 54. Ra6 Kf7 55. Kf3 Nh4+ 56. Kf2 Ng6 57. g3 Ne5 58. Ke3 Ng6 59. Ra7+ Kg8 60. h4 h5 61. Kf3 Kf8 62. Rh7 Kg8 63. Rxh5 Ne7 64. Rg5+ Kf7 65. Kf4 Kf6 66. Rh5 Kg7 67. Rxf5 Ng6+ 68. Ke4 Ne7 69. g4 Kg6 70. h5+ Kh6 71. Rc5 Ng8 72. Rc6+ Kg5 73. Rg6+ Kh4 74. Rxg8 1-0

[Event "Titled Tuesday intern op 28th May Late"]
[Site "Chess.com INT"]
[Date "2024.05.28"]
[Round "3"]
[White "Kravtsiv, Martyn"]
[Black "Liu, Eric"]
[Result "1-0"]
[WhiteElo "2598"]
[BlackElo "2388"]
[PlyCount "93"]
[EventDate "2024.05.28"]
[EventType "swiss (blitz)"]
[EventRounds "11"]
[EventCountry "USA"]
[SourceTitle "EXT 2025"]
[Source "ChessBase"]
[SourceDate "2024.10.14"]
[SourceVersion "1"]
[SourceVersionDate "2024.10.14"]
[SourceQuality "1"]

1. e4 c5 2. Nf3 e6 3. d4 cxd4 4. Nxd4 a6 5. Be2 Nf6 6. Nc3 Qc7 7. 0-0 d6 8. f4 Nbd7 9. a4 b6 10. Kh1 Be7 11. Bf3 Bb7 12. Qe2 0-0 13. Be3 Rfe8 14. g4 e5 15. Nf5 exf4 16. Bxf4 Ne5 17. Bxe5 dxe5 18. g5 Nd7 19. Nd5 Bxd5 20. exd5 Bd6 21. Be4 Nf8 22. Rf3 Ng6 23. Rc3 Qd7 24. Rc6 Bc5 25. a5 Rab8 26. axb6 Bxb6 27. Rxa6 Bd8 28. b3 Bxg5 29. Qg4 Qd8 30. Rd6 h5 31. Qxh5 Nf4 32. Ne7+ Kf8 33. Qh7 Qxd6 34. Rxd6 Kxe7 35. Ra6 Bf6 36. d6+ Kd8 37. Bc6 Rf8 38. Ra7 Ne6 39. Qe4 Rc8 40. Rd7+ Ke8 41. Rb7+ Kd8 42. Qd5 Ra8 43. Rd7+ Kc8 44. Bxa8 Kxd7 45. Qc6+ Kd8 46. Bb7 Rh8 47. Qc8# 1-0

[Event "Titled Tuesday intern op 28th May Late"]
[Site "Chess.com INT"]
[Date "2024.05.28"]
[Round "2"]
[White "Liu, Eric"]
[Black "Gokerkan, Cem Kaan"]
[Result "1-0"]
[WhiteElo "2388"]
[BlackElo "2512"]
[PlyCount "79"]
[EventDate "2024.05.28"]
[EventType "swiss (blitz)"]
[EventRounds "11"]
[EventCountry "USA"]
[SourceTitle "EXT 2025"]
[Source "ChessBase"]
[SourceDate "2024.10.14"]
[SourceVersion "1"]
[SourceVersionDate "2024.10.14"]
[SourceQuality "1"]

1. Nf3 Nf6 2. g3 g6 3. Bg2 Bg7 4. 0-0 0-0 5. d4 d6 6. b3 c5 7. Bb2 cxd4 8. Nxd4 d5 9. c4 dxc4 10. bxc4 Na6 11. Qc2 Qb6 12. Nb3 Nb4 13. Qc1 Bf5 14. c5 Qa6 15. Nd4 Bd7 16. Nd2 Rac8 17. N2b3 Rfd8 18. Qe1 Nc6 19. Qc3 Nxd4 20. Nxd4 e5 21. Nf3 Ne4 22. Qb4 Nxc5 23. Bxe5 Qb5 24. Qh4 Bc6 25. Bxg7 Kxg7 26. Nd4 Qa4 27. e3 Bxg2 28. Kxg2 Kg8 29. Kg1 Nd3 30. Qg5 Qd7 31. Rad1 Rc5 32. Qf6 Nb2 33. Ne6 fxe6 34. Rxd7 Rxd7 35. Qxe6+ Rf7 36. Rb1 Nd3 37. Rxb7 Rc1+ 38. Kg2 Ne5 39. Rb8+ Kg7 40. Qxe5+ 1-0